01186cam a22003137a 4500003000500000005001700005008004100022010001000063011001000073035001000083040000900093090001000102100004100112245011700153260004100270300002200311502009800333590003700431590004100468590004100509590004100550590004200591650004100633901000700674942001000681949003600691999001700727952012800744CHAP20220329140214.0971013s1983 r 00010 d a48539 a49511 a53660 cCHAP aTesis00aFarías del Bosque, Armando.939788 0aEvaluación del comportamiento de 5 líneas de chile jalapeño (Capsicum annuum var. annuum) en Apodaca, N.L. a(Monterrey, N.L.) :bEl autor,c1983 a45 h.b: apénd. aTesis (Ing. Agr. Esp. en Producción) -- ITESM. Div. de Ciencias Agropecuarias y Marítimas aALEPHb10c20130110lUCH01h1320 aBATCH-UPDb10c20130110lUCH01h2102 aBATCH-UPDb10c20130410lUCH01h1414 aBATCH-UPDb10c20130914lUCH01h0924 aCONVERSIONb10c20130109lUCH01h132614aChile jalapeñoxVariedades.922439 aBK cTESIS bBCcTESd-118852eTS1i53660si c48539d48539 00102local4051708TESISaBCbBCcPA_TESISd2012-12-17fTESISl0oTesisp-118852r2019-12-31 00:00:00w2019-12-31yTESIS